Parasını yöneten çocuklar / (Record no. 21918)

MARC details
000 -BAŞLIK
Sabit Uzunluktaki Kontrol Alanı 00634nam a22002057a 4500
003 - KONTROL NUMARASI KİMLİĞİ
Kontrol Alanı koha_MIRAKIL
005 - EN SON İŞLEM TARİHİ ve ZAMANI
Kontrol Alanı 20250421150216.0
008 - SABİT UZUNLUKTAKİ VERİ ÖGELERİ - GENEL BİLGİ
Sabit Alan 250421b tur||||| |||| 00| 0 tur d
020 ## - ISBN - ULUSLARARASI STANDART KİTAP NUMARASI
Isbn 9786052422144
040 ## - KATALOGLAMA KAYNAĞI
Özgün Kataloglama Kurumu TR-IsEVY
Kataloglama Dili tur
Çeviri Kurumu TR-IsEVY
041 ## - DİL KODU
Metin ya da ses kaydının dil kodu tur
082 ## - DEWEY ONU SINIFLAMA SİSTEMİ
Sınıflama Numarası 332 ÖZY/P
100 ## - KİŞİ ADI
Yazar Adı (Kişi adı) Özyurt, Özlem
245 #0 - ESER ADI BİLDİRİMİ
Başlık Parasını yöneten çocuklar /
Sorumluluk Bildirimi Özlem Özyurt.
250 ## - BASIM BİLDİRİMİ
Basım Bildirimi 5. bs.
260 ## - YAYIN, DAĞITIM, VB.
Yayın Yeri İstanbul :
Yayınevi Beta Kids,
Yayın Tarihi 2023.
300 ## - FİZİKSEL TANIMLAMA
Sayfa, Cilt vb. 56 s. :
Diğer fiziki detaylar renkli resimli ;
Boyutları 23 cm.
650 ## - KONU BAŞLIĞI EK GİRİŞ - KONU TERİMİ
Konusal terim veya coğrafi ad Toplumsal Yaşam.
Alt başlık biçimi Para.
-- Finansal Okuryazarlık.
-- Paranın Yönetimi.
-- İhtiyaçlar.
-- İstekler.
942 ## - EK GİRİŞ ÖGELERİ (KOHA)
Source of classification or shelving scheme Dewey Decimal Classification
Koha item type Kitap
Holdings
Kayıp Durumu Sınıflandırma Kaynağı Hasarlı Durumu Koleksiyon Kodu Kalıcı Konum Mevcut Konum Kayıt Tarih Edinim Kaynağı Toplam Ödünçverme Yer Numarası Demirbaş Numarası Son Görülme Tarihi Son Kontrol Tarihi Fatura Tarihi Materyal Türü
  Dewey Decimal Classification   İlkokul İLKOKUL KÜTÜPHANESİ İLKOKUL KÜTÜPHANESİ 21/04/2025 Satınalma 1 332 ÖZY/P 23198 12/02/2026 19/12/2025 21/04/2025 Kitap